• 首页
  • 本馆介绍
  • 公告通知
  • 最新文献
  • 馆藏检索
  • 电子资源
  • 读者导购
  • 参考咨询
  • 我的图书馆
  • 登录
  • 详细信息显示
  • 放入我的书架
  • 预约/预借图书
  • 作者相关作品
  • 分类相关作品
  • 丛书相关作品
  • 出版社相关作品

书目信息

  • 表格格式
  • 工作单格式
  • 卡片格式
题名:
谁在俄罗斯能过好日子
    
 
作者: 涅克拉索夫 , Некрасов 著 ;飞白 译
分册:  
出版信息: 上海   上海译文出版社  1979
页数: 440页
开本: 20cm
丛书名:
单 册:
中图分类: I512.24 , I512.2
科图分类:
主题词: 叙事诗--苏联--近代
电子资源:
ISBN:
000 00957nam0 2200277 450
001 1540836796
005 20150120112112.29
010    @dCNY1.40
091    @a10188.51
100    @a19950721d1979 em y0chiy0110 ea
101 1  @achi@crus
102    @aCN@b310000
105    @af z 000gy
200 1  @a谁在俄罗斯能过好日子@9shui zai e luo si neng guo hao ri zi@f(俄)涅克拉索夫(Н.А.Некрасов)著@g飞白译
210    @a上海@c上海译文出版社@d1979
215    @a440页@c照片@d20cm
300    @a书名原文:Кому на Руси жить хоршо
510 1  @aКому на Руси жить хоршо@zrus
606 0  @a叙事诗@y苏联@z近代
690    @aI512.24@v5
690    @aI512.2@v4
701  1 @c(俄)@a涅克拉索夫@9nie ke la suo fu@c(Некрасов, Николай Алексеевич@f1821~1877)@4著
701  1 @aНекрасов@bН.А.@4著
702  0 @a飞白@9fei bai@4译
801  0 @aCN@bTSSF@c20150120
905    @aZUCC@dI512.2@eJY23
    
    谁在俄罗斯能过好日子/(俄)涅克拉索夫(Н.А.Некрасов)著/飞白译.-上海:上海译文出版社,1979
    440页:照片;20cm
    书名原文:Кому на Руси жить хоршо
    
    ISBN :CNY1.40
    
●
相关链接 在E读中查询图书 在五车中查询图书 在当当中查询图书 在豆瓣中查询图书


正题名:谁在俄罗斯能过好日子     索取号:I512.2/JY23         预约/预借

序号 登录号 条形码 馆藏地/架位号 状态 备注
1 7836107   278361078   学院路分馆/ [索取号:I512.2/JY23] 在馆    
唐山师范学院图书馆 欢迎您!
大连网信软件有限公司© 版权所有